000
002990000a22001450004500
003
MACL
040
_a
MACL
090
_c
33648
_d
33646
100
_a
Shukla, M N
245
_a
The Law of Torts
260
_b
Century Publishing House
_c
1998
350
_a
80
650
_a
Law
942
_c
BOOK
_k
346/Shu
999
_c
33297
_d
33297